02124cam a22005294i 4500003000900000005001700009008004100026020001500067020001800082035002700100040004300127082002100170100002700191245004600218250002300264264004100287300005500328336002100383337002500404338002300429490003600452504002800488505085200516526001001368526001001378526001001388526001001398526001001408526000901418526000901427526000901436526000901445526000901454526000901463526000901472526000901481526000901490526000901499526000801508526000801516526000801524526000801532526000801540526000801548541001701556650002101573PE-LiUPU20250731170446.0150706s2007 ag a rb 000 0 spa d a9508085401 a9789508085405 a(Sirsi) i9789508085405 aPE-LiUPUbspacPE-LiUPUdPE-LiUPUerda04a150.195bV392211 aVegh, Isidoro,eautor.14aUna cita con la psicosis /cIsidoro Vegh. aSegunda edición. 1aBuenos Aires :bHomo Sapiens,c2007. a205 páginas :bilustraciones ;c21 centímetros atext2rdacontent aunmediated2rdamedia avolume2rdacarrier0 aLa clínica en los bordes ;v7 aIncluye bibliografía.0 aPuntuaciones de un recorrido en el campo de la Psicosis -- El campo de las Psicosis -- Letra, significante y sentido en el discurso de las Psicosis -- Estructura y transferencia en el campo de la Psicosis -- Retórica de la Psicosis -- Fundamentos de la práctica en el Hospital de Día -- Acerca de la clínica diaria con pacintes psicóticos -- Bailanza, un neologismo, una propuesta posible -- Taller artesanal -- Experiencias en el taller de música -- Ruido de Magia -- Yo -- Para una lógica de la mirada. Un hombre normal -- Hay amores que matan -- Homosexualidad y Psicosis -- Sexualidad y Psicosis -- Intervenciones en una melancolía -- Daniel necesita un otro en quien confiar -- Acerca de algunas cuestiones transferenciales y de abordaje en la clínica de las psicosis -- algunas puntuaciones acerca de la psicosis infantil. aSEG68 aSEG70 aSEG69 aSEG67 aSEG43 aP144 aP143 aP131 aP122 aP120 aP117 aP112 aP110 aP106 aP101 aP80 aP59 aP54 aP35 aP33 aP30 g001-0030486;14aPsicoanálisis.